| 000 | 00582nam a2200157 a 4500 | ||
|---|---|---|---|
| 008 | 120416s1986 ||||||||||||||||| || u | ||
| 020 | _a0521338301 | ||
| 050 | _aBF 311 Cul | ||
| 100 | _aWertsch, James V | ||
| 245 | 1 | 0 |
_aCulture, communication, and cognition _cedited by James V. Wertsch |
| 246 | _aVygotskian perspectives | ||
| 260 |
_aCambridge _bCambridge University Press _c1986 |
||
| 300 | _ax, 379p. | ||
| 350 | _a0.00 | ||
| 995 |
_D0.00 _FCBU-MAIN LIBRARY (Kitwe) _H1 _I15.95 _UAVAILABLE _ZMain Library Open Access Collection |
||
| 999 |
_c39289 _d39289 |
||